Statistics for Top 10 Inter Milan Goalscoarers

Click here to take the quiz!

General Stats

  • This quiz has been taken 456 times
  • The average score is 3 of 10

Answer Stats

PlacePlayers# Goals% Correct
8Christian Vieri123
80%
1Giuseppe Meazza284
80%
=4Sandro Mazzola158
49%
2Alessandro Altobelli209
39%
3Roberto Boninsegna171
27%
10Mario Corso94
19%
7István Nyers133
16%
6Benito Lorenzi143
11%
=4Luigi Cevenini158
8%
9Ermanno Aebi106
6%

Score Distribution

Percentile by Number Answered

Percent of People with Each Score

Your Score History

You have not taken this quiz